Language Quiz

Random Language or Latin Quiz

Verbs that Take the Dative Quiz Stats

Quiz not verified by Sporcle

Challenge
Share
Tweet
Embed
Score 0/17 Timer 10:00
0 Plays Today
Definition Latin Verb % Correct
to believecredo, credere, credidi, creditum
92.3%
to pleaseplaceo, placere, placitus sum
46.2%
to favorfaveo, favere, favi, fautum
46.2%
to persuadepersuadeo, persuadere, persuasi, persuasum
46.2%
to resistresisto, resistere, restiti
46.2%
to answerrespondeo, respondere, respondi, responsum
46.2%
to yieldcedo, cedere, cessi, cessum
38.5%
to serveservio, servire, servivi, servitum
38.5%
to orderimpero, imperare, imperavi, imperatum
30.8%
Definition Latin Verb % Correct
to spareparco, parcere, peperci, parsum
23.1%
to obeypareo, parere, parui, paritum
23.1%
to trustconfido, confidere, confisus sum
15.4%
to harmnoceo, nocere, nocui, nocitum
15.4%
to distrustdiffido, diffidere, diffisus sum
7.7%
to pardonignosco, ignoscere, ignovi, ignotum
7.7%
to supportstudeo, studere, studui
7.7%
to displeasedispliceo, displicere, displicui
0%

You're not logged in!

Compare scores with friends on all Sporcle quizzes.
Sign Up with Email
OR
Log In

You Might Also Like...

Show Comments

Extras

Top Quizzes Today


Score Distribution

Your Account Isn't Verified!

In order to create a playlist on Sporcle, you need to verify the email address you used during registration. Go to your Sporcle Settings to finish the process.

Report this User

Report this user for behavior that violates our Community Guidelines.

Details: